Leading e-learning /

Guardado en:
Autor Principal: Horton, William K.
Formato: Libro
Idioma:English
Publicado: Alexandria, VA : ASTD, c2001.
Materias:
Etiquetas: Agregar Etiqueta
Sin Etiquetas, Sea el primero en etiquetar este registro!
LEADER 00802cam a22002417a 4500
001 EUN.eunm001049
008 011119s2001####vaua#####b####000#0deng#d
005 20260327101631.0
245 1 0 |a Leading e-learning /  |c William Horton. 
260 |a Alexandria, VA :  |b ASTD,  |c c2001. 
300 |a ix, 147 p. :  |b il. ;  |c 26 cm. 
504 |a Incluye referencias bibliográficas (p. 143-145). 
020 |a 1562862987 
100 1 |a Horton, William K.  |q (William Kendall) 
082 0 0 |a 371.33/4  |2 21 
650 7 |a Educación.  |2 unbist 
650 7 |a Enseñanza a distancia.  |2 unbist 
650 7 |a Enseñanza asistida por ordenador.  |2 abne 
653 |a Internet 
010 |a  2001117679 
040 |a NT0  |c NT0  |d DLC 
050 0 0 |a LC5803  |b .C65 H67 2001 
859 |a AR-BaUNS  |b BIB. CENTRAL - Uso interno S  |h 371.334  |i H789  |p 117037/006